| 000 | 00422cam a2200169ua 4500 | ||
|---|---|---|---|
| 003 | OSt | ||
| 008 | 241223b |||||||| |||| 00| 0 eng d | ||
| 041 | _aeng | ||
| 082 |
_a621.313 _bANW/EL |
||
| 100 |
_aAnwani, M L . _96532 |
||
| 245 | _aElectrical motor winding and repair / | ||
| 250 | _a4 / | ||
| 260 |
_aDelhi : _bR B Publications , _c1995. |
||
| 300 | _a345 ; . | ||
| 700 | 1 |
_aAnwani, I M . _96533 |
|
| 942 | _cBK | ||
| 999 |
_c11041 _d11041 |
||